<?xml version="1.0" encoding="UTF-8"?>
<collection xmlns="http://www.loc.gov/MARC21/slim">
 <record>
  <leader>02093nab a2200217 i 4500</leader>
  <controlfield tag="001">publ39367</controlfield>
  <controlfield tag="005">20260224143930.0</controlfield>
  <controlfield tag="008">260224s2025    hu      o     000   eng d</controlfield>
  <datafield tag="022" ind1=" " ind2=" ">
   <subfield code="a">2676-9964</subfield>
  </datafield>
  <datafield tag="024" ind1="7" ind2=" ">
   <subfield code="a">10.35404/LH.2025.1.9</subfield>
   <subfield code="2">doi</subfield>
  </datafield>
  <datafield tag="024" ind1="7" ind2=" ">
   <subfield code="a">36251444</subfield>
   <subfield code="2">mtmt</subfield>
  </datafield>
  <datafield tag="040" ind1=" " ind2=" ">
   <subfield code="a">SZTE Publicatio Repozitórium</subfield>
   <subfield code="b">hun</subfield>
  </datafield>
  <datafield tag="041" ind1=" " ind2=" ">
   <subfield code="a">eng</subfield>
  </datafield>
  <datafield tag="100" ind1="1" ind2=" ">
   <subfield code="a">Kovács Írisz</subfield>
  </datafield>
  <datafield tag="245" ind1="1" ind2="4">
   <subfield code="a">The maze of language policy</subfield>
   <subfield code="h">[elektronikus dokumentum] :</subfield>
   <subfield code="b">A study of minority languages in Aragón /</subfield>
   <subfield code="c"> Kovács Írisz</subfield>
  </datafield>
  <datafield tag="260" ind1=" " ind2=" ">
   <subfield code="c">2025</subfield>
  </datafield>
  <datafield tag="300" ind1=" " ind2=" ">
   <subfield code="a">9-19</subfield>
  </datafield>
  <datafield tag="490" ind1="0" ind2=" ">
   <subfield code="a">LÉLEKTAN ÉS HADVISELÉS</subfield>
   <subfield code="v">7 No. 1</subfield>
  </datafield>
  <datafield tag="520" ind1="3" ind2=" ">
   <subfield code="a">Aragón is an autonomous community located in the north-eastern part of Spain. Like manyother Spanish regions, it possesses its own linguistic identity, with Aragonese and Catalantraditionally spoken in certain areas. In recent years, the situation of Aragón's minority languageshas become the focus of significant legal and political debate. In 2023, legal reforms introducedby the coalition of the People's Party (PP) and Vox dramatically altered the region's approachto minority languages. These reforms eliminated the explicit recognition of Catalan and Aragonese as part of the region's cultural heritage, replacing them with generic labels referringto &quot;eastern&quot; and &quot;Pyrenean&quot; language varieties. This move marked a return to the policies of2013, which had significantly restricted the legal protection and cultural recognition of theCatalan and Aragonese languages. The reforms have sparked considerable social and politicalopposition. Supporters argue that the law recognises Aragón's linguistic diversity withoutimposing a rigid framework that privileges Catalan or Aragonese over other regional dialects.However, civil organisations and cultural movements accuse the government of underminingthe protection and use of minority languages, in contradiction with the commitments madeunder the Spanish Constitution and the European Charter for Regional or Minority Languages.</subfield>
  </datafield>
  <datafield tag="650" ind1=" " ind2="4">
   <subfield code="a">Jogtudomány</subfield>
  </datafield>
  <datafield tag="856" ind1="4" ind2="0">
   <subfield code="u">http://publicatio.bibl.u-szeged.hu/39367/1/LH_2025_1_009_Kovacs.pdf</subfield>
   <subfield code="z">Dokumentum-elérés </subfield>
  </datafield>
 </record>
</collection>
